| 000 | 01139cam a2200265 a 4500 | ||
|---|---|---|---|
| 001 | 000001037 | ||
| 005 | 20200929145453.0 | ||
| 008 | 991104s1999 it ach 000 0dita | ||
| 020 | _a888016306X | ||
| 040 |
_aDO-SdBNP _cDLC _dDLC |
||
| 041 | 0 | 7 |
_aita _2Código de idioma MARC |
| 043 | _ae-it--- | ||
| 082 |
_a853.8 _bV493b |
||
| 100 | 1 |
_aVerga, Giovanni, _d1840-1922. _93592 |
|
| 245 | 1 | 0 |
_aGiovanni Verga : _buna biblioteca da ascoltare. |
| 260 |
_aRoma : _bDe Luca, _c1999. |
||
| 300 |
_a158 p. : _bil, retrs., fascíms. ; _c30 cm. |
||
| 500 | _aCatálogo de exhibición de autógrafos, libros, objetos, títeres y manuscritos pertenecientes al escritor italiano Giovanni Verga (1840-1922). | ||
| 504 | _aIncluye referencias bibliográficas. | ||
| 600 | 1 | 0 |
_aVERGA, GIOVANNI, _d1840-1922 _vEXPOSICIONES _93593 |
| 600 | 1 | 0 |
_aVERGA, GIOVANNI, _d1840-1922 _xBIBLIOTECAS _vEXPOSICIONES _93594 |
| 710 | 1 |
_aItalia, Ministerio per i Beni e le Attivatà Culturali. _bUfficio centrale per i beni librari, le istituzioni culturali e l'editoria. _93595 |
|
| 710 | 2 |
_aTeatro dei Dioscuri (Roma, Italy) _93596 |
|
| 910 | _aCatalogación por copia / LC | ||
| 999 |
_c1013 _d1013 |
||